Statistics for Chechnya Quiz

Click here to take the quiz!

General Stats

  • This quiz has been taken 104 times
  • The average score is 8 of 15

Answer Stats

HintAnswer% Correct
Largest Ethnic GroupsRussian
93%
Official LanguagesRussian
93%
Official LanguagesChechen
89%
Largest Ethnic GroupsChechen
89%
Largest ReligionIslam
89%
Capital CityGrozny
86%
Country Chechnya BordersGeorgia
81%
Time ZoneUTC {+3}
55%
War that Took Place during 1994-1996 in ChechnyaFirst Chechen War
39%
Economic Region it's Located inNorth Caucasus
25%
Russian Krai that Chechnya bordersStavropol
18%
Second Largest CityArgun
14%
During the Soviet Union, it was a part ofThe {Checheno-Ingush} ASSR
13%
Federal District it's Located inNorth Caucasian
9%
Largest Ethnic GroupsKumyk
6%

Score Distribution

Percentile by Number Answered

Percent of People with Each Score

Your Score History

You have not taken this quiz